Wild gliders of borneo (Record no. 5528)

MARC details
000 -LEADER
fixed length control field 00597nam a22002057a 4500
005 - DATE AND TIME OF LATEST TRANSACTION
control field 20250519130112.0
008 - FIXED-LENGTH DATA ELEMENTS--GENERAL INFORMATION
fixed length control field 250519b |||||||| |||| 00| 0 eng d
040 ## - CATALOGING SOURCE
Transcribing agency DepED Dasmarinas City
245 ## - TITLE STATEMENT
Title Wild gliders of borneo
250 ## - EDITION
Edition statement October 2000 Vol. 198 No. 4
490 ## - SERIES STATEMENT
SERIES STATEMENT National Geographic
520 ## - SUMMARY, ETC.
Summary, etc. Megatransect, Sky-high Over the Sonoran, Boston's North Enders, Wild Gliders, New Eyes on the Oceans, Deep Sea Vents, Fossil Trail
650 ## - SUBJECT ADDED ENTRY--TOPICAL TERM
General subdivision AFRICA
650 ## - SUBJECT ADDED ENTRY--TOPICAL TERM
General subdivision SONORAN
650 ## - SUBJECT ADDED ENTRY--TOPICAL TERM
General subdivision NORTH ENDERS
650 ## - SUBJECT ADDED ENTRY--TOPICAL TERM
General subdivision WILD GLIDERS
650 ## - SUBJECT ADDED ENTRY--TOPICAL TERM
General subdivision OCEANS
650 ## - SUBJECT ADDED ENTRY--TOPICAL TERM
General subdivision DEEP SEA
942 ## - ADDED ENTRY ELEMENTS (KOHA)
Source of classification or shelving scheme Dewey Decimal Classification
Koha item type Continuing Resources
999 ## -
-- 5528
-- 5528
Holdings
Homebranch current branch Barcode
DepED Dasmarinas City DepED Dasmarinas City DSMSR102000-056